Progressively Harder Movie Posters III Quiz Stats

 Plays Quiz Updated Nov 23, 2015

Score 0/24 Timer 05:00
9 Plays Today
% Correct
Jaws
99.7%
Mary Poppins
97.6%
The Incredibles
97.5%
Dumb and Dumber
96.4%
The Hangover
95.1%
Juno
92.4%
Star Trek
91.7%
American Pie
91%
The 40 Year Old Virgin
90.3%
Airplane!
89.9%
Groundhog Day
89.4%
Wedding Crashers
88%
% Correct
Rain Man
85.1%
Breakfast at Tiffany's
81.7%
Shutter Island
79%
Schindler's List
74.9%
Crouching Tiger, Hidden Dragon
72.6%
Wall Street
71.2%
Memento
68.1%
District 9
66.1%
JFK
56.1%
Moonstruck
54.2%
The Sting
42.8%
Boys Don't Cry
31.7%

You're not logged in!

Compare scores with friends on all Sporcle quizzes.
OR
Log In

You Might Also Like...

Show Comments

Extras

Top Quizzes Today


Score Distribution

Your Account Isn't Verified!

In order to create a playlist on Sporcle, you need to verify the email address you used during registration. Go to your Sporcle Settings to finish the process.

Report this User

Report this user for behavior that violates our Community Guidelines.

Details: